Ciencias Naturales 3º Básico: guía didáctica del docente.

Guardat en:
Dades bibliogràfiques
Autor principal: Buckley, Don
Altres autors: Miller, Zipporah, Padilla, Michael, Thornton, Kathryn, Wysession, Michael
Format: Llibre
Idioma:espanyol
Publicat: Santiago, Chile Pearson Educación de Chile Ltda 2012
Matèries:
Etiquetes: Afegir etiqueta
Sense etiquetes, Sigues el primer a etiquetar aquest registre!

MARC

LEADER 00000cam a2200000 a 4500
001 UCD9799
003 CL-VaPUC
005 20211111074525.0
008 170709e20120000cl |||||||||||||||||spa|d
999 |c 368818  |d 368816 
020 |a 9789563433234 
040 |c Pontificia Universidad Católica de Valparaíso 
082 0 4 |a 372.35 BUC 2012  |2 21 
100 0 |a Buckley, Don  |9 593517 
245 1 0 |a Ciencias Naturales 3º Básico: guía didáctica del docente. 
260 0 3 |a Santiago, Chile  |b Pearson Educación de Chile Ltda  |c 2012 
300 |a 240 páginas 
583 |a last modification  |c 20170709 17:01:00  |k Rodrigo Vera 
650 7 |a ENSEÑANZA DE LAS CIENCIAS NATURALES  |2 CL-VaPUC  |9 593522 
650 0 |a Ciencias naturales  |9 260542 
650 0 |a Educación básica   |9 224933 
650 0 |a Métodos de enseñanza  |9 270413 
700 0 |a Miller, Zipporah  |9 593518 
700 0 |a Padilla, Michael  |9 593519 
700 0 |a Thornton, Kathryn  |9 593520 
700 0 |a Wysession, Michael  |9 593521 
942 |c BK  |2 ddc 
945 |d 20170709 17:01:00  |a dcastane 
952 |0 0  |1 0  |2 ddc  |3 erb  |4 0  |6 372_350000000000000_BUC_2012  |7 0  |8 A  |9 484260  |a BIBEDU  |b BIBEDU  |i 5406153  |o 372.35 BUC 2012  |p 5406153  |r 2019-11-24  |t 1  |w 2019-11-24  |y BK  |z Catalogado en:20170709  |k EPE